| 000 | 00589cam a2200181L 4500 | ||
|---|---|---|---|
| 020 | _a0070841853 | ||
| 082 |
_a551.49 _bLIN _cL-26, P-19 |
||
| 100 | 1 |
_aLinsley, Ray K. _92147 |
|
| 245 | 1 | 0 |
_aHydrology for engineers _c[by] Ray K. Linsley, Max A. Kohler and Joseph L. H. Paulhus. |
| 260 |
_aNew York, _bMcGraw-Hill, _c1958. |
||
| 300 |
_a340 p. _billus. _c24 cm. |
||
| 490 | 1 | _aMcGraw-Hill civil engineering series | |
| 526 |
_a0 _b0 _c0 _d551_490000000000000_LIN |
||
| 650 | 0 | _aHydrology. | |
| 700 | 1 |
_aKohler, Max Adam, _940412 |
|
| 700 | 1 |
_aPaulhus, Joseph L. H. _940413 |
|
| 942 |
_2ddc _cBK |
||
| 999 |
_c550505 _d550505 |
||